La gerencia de empresas
Đã lưu trong:
| Tác giả chính: | |
|---|---|
| Định dạng: | Sách |
| Ngôn ngữ: | Tiếng Tây Ban Nha |
| Được phát hành: |
Buenos Aires
Sudamericana
1981
|
| Phiên bản: | 6a. ed |
| Những chủ đề: | |
| Các nhãn: |
Thêm thẻ
Không có thẻ, Là người đầu tiên thẻ bản ghi này!
|
MARC
| LEADER | 00000nam a2200000 a 4500 | ||
|---|---|---|---|
| 001 | UCX1345 | ||
| 003 | CL-VaPUC | ||
| 008 | 900806e19810000AG |||||||||||||||||spa|d | ||
| 082 | 0 | 4 | |a 658.4 |b DRU |2 21 |
| 100 | 0 | |a Drucker, Peter Ferdinand |e author |9 316820 | |
| 245 | 1 | 3 | |a La gerencia de empresas |
| 250 | |a 6a. ed | ||
| 300 | |a 506 p | ||
| 942 | |c BK | ||
| 945 | |d 19900806 00:00:00 | ||
| 260 | |a Buenos Aires |b Sudamericana |c 1981 | ||
| 650 | 0 | |a Administración industrial |9 259466 | |
| 650 | 0 | |a Planificación empresarial |9 259791 | |
| 651 | 0 | |a Estados Unidos |9 255178 | |
| 583 | |a last modification |c 19900806 00:00:00 |k Rodrigo Vera | ||
| 999 | |c 222601 |d 222599 | ||
| 952 | |0 0 |1 0 |4 0 |6 658_400000000000000_DRU_1981 |7 0 |8 R |9 217584 |a BIBENE |b BIBENE |d 2019-11-15 |i 2865033 |o 658.4 DRU 1981 |p 2865033 |r 2025-01-15 |w 2019-11-15 |y BK_R |k ICO | ||